Random Friends Knowledge - Statistics

General Stats
  • This quiz has been taken 167 times
  • The average score is 7 of 15
Answer Stats
Question Answer % Correct
In the episodes The One Where Rachel Has A Baby Part 1 and 2, how many women have their baby before Rachel finally gives birth to Emma? 5
95%
What is Rachel's former fiance Barry's profession? Orthodontist
86%
Where does Phoebe's first love David relocate in season 1? Minsk
77%
Finish this quote: "And hey, just so you know. It's NOT that common, it doesn't happen to every guy and it..." IS A BIG DEAL
70%
Alongside Billy Crystal, which comedian did a short guest appearance in Central Perk where his character discovers his wife is cheating? Robin Williams
67%
Which brand of chocolate does Emily bring with her from the airport? Toblerone
66%
Which Baywatch actor is Chandler 'in love with'? Yasmine Bleeth
47%
Where was Rachel supposed to go for her honeymoon with Barry? Aruba
40%
What is the name of Rachel's boss's (at Ralph Lauren) son? Ross
37%
Which state does Ross list twice in the 'Name all 50 states' game? Nevada
35%
In front of which of Monica's restaurants does Phoebe decide to sing? Javu
31%
In episodes 'The One that Could Have Been', what is the name of Joey's ceramic dog? Pat
31%
What did Ross score in his SATs? 1250
18%
Which Sex and the City star plays Joey's girlfriend in one episode? Kristin Davis
17%
What is Joey's personal comment in his sperm donor introduction? New York Knicks rule
12%
No matching quizzes found
Score Distribution
Percent of People with Each Score
Percentile by Number Answered
Your Score History
You have not taken this quiz